Chudoba, definování a možnosti jejího měření

Spôsoby merania dvoch najviac vyskytujúcich sa druhov chudoby, a to chudoby objektívnej a subjektívnej. Chudoba ako multidimenzionálny jav a sociálny konštrukt. Definícia chudoby - oficiálne hranice chudoby a stanovenie indikátorov blahobytu.

Saved in:
Bibliographic Details
Main Author: Nedomová, Eva
Other Authors: Špiláčková, Marie
Format: Book Chapter
Language:Czech
Subjects:
Tags: Add Tag
No Tags, Be the first to tag this record!

MARC

LEADER 00000naa a2200000 4500
001 0182722
005 20241122111511.3
041 0 |a cze 
044 |a CZ 
245 1 0 |a Chudoba, definování a možnosti jejího měření  |c Eva Nedomová, Marie Špiláčková 
520 |a Spôsoby merania dvoch najviac vyskytujúcich sa druhov chudoby, a to chudoby objektívnej a subjektívnej. Chudoba ako multidimenzionálny jav a sociálny konštrukt. Definícia chudoby - oficiálne hranice chudoby a stanovenie indikátorov blahobytu. 
610 2 0 |a problémy spoločenské 
610 2 0 |a situácia sociálna 
610 2 0 |a politika sociálna 
610 2 0 |a nerovnosť sociálna 
610 2 0 |a chudoba 
610 2 0 |a blahobyt 
610 2 0 |a meranie 
100 1 |a Nedomová, Eva 
700 1 |a Špiláčková, Marie